North or South (Capitals) - Statistics

General Stats
  • This quiz has been taken 634 times
  • The average score is 10 of 20
Answer Stats
Hint Answer % Correct
Moscow is _____ of Lisbon North
98%
Canberra is _____ of Berlin South
98%
Brasilia is _____ of Cairo South
95%
Beirut is _____ of Jerusalem North
88%
Kinshasa is _____ of Brazzaville South
71%
Jakarta is _____ of Port Moresby North
59%
Manila is _____ of Bangkok North
56%
Seoul is _____ of Tokyo North
54%
Tegucigalpa is _____ of Ouagadougou North
52%
Washington is _____ of Madrid South
51%
Amsterdam is _____ of London North
46%
Paris is _____ of Prague South
40%
Vienna is _____ of Bratislava North
39%
Buenos Aires is _____ of Cape Town South
31%
Abu Dhabi is _____ of Riyadh South
31%
Juba is _____ of Bangui North
30%
Thimphu is _____ of Havana North
27%
Rome is _____ of Skopje South
25%
Ottawa is _____ of Zagreb South
20%
Beijing is _____ of Ankara South
11%
No matching quizzes found
Score Distribution
Percent of People with Each Score
Percentile by Number Answered
Your Score History
You have not taken this quiz